Astavakragita - the song of the self supreme (Record no. 1464884)

MARC details
000 -LEADER
fixed length control field 00443nam a22001697a 4500
005 - DATE AND TIME OF LATEST TRANSACTION
control field 20251021112654.0
008 - FIXED-LENGTH DATA ELEMENTS--GENERAL INFORMATION
fixed length control field 251021b |||||||| |||| 00| 0 eng d
020 ## - INTERNATIONAL STANDARD BOOK NUMBER
International Standard Book Number 9788120813670
040 ## - CATALOGING SOURCE
Transcribing agency ILCL
041 ## - LANGUAGE CODE
Source of code eng
Language code of text/sound track or separate title eng
084 ## - COLON CLASSIFICATION NUMBER
Classification number R66 R2
100 ## - MAIN ENTRY--PERSONAL NAME
Personal name Mukherjee, Radhakamal
245 ## - TITLE STATEMENT
Title Astavakragita - the song of the self supreme
260 ## - PUBLICATION, DISTRIBUTION, ETC.
Place of publication, distribution, etc. Delhi
Name of publisher, distributor, etc. Motilal Banarasidass
Date of publication, distribution, etc. 2022
300 ## - PHYSICAL DESCRIPTION
Extent 199p.
942 ## - ADDED ENTRY ELEMENTS (KOHA)
Source of classification or shelving scheme Colon Classification (CC)
Koha item type Textbook
100 ## - MAIN ENTRY--PERSONAL NAME
-- 848847
999 ## -
-- 1464884
-- 1464884
Holdings
Withdrawn status Lost status Source of classification or shelving scheme Damaged status Not for loan Home library Current library Date acquired Source of acquisition Cost, normal purchase price Inventory number Total checkouts Full call number Barcode Date last seen Price effective from Koha item type
    Colon Classification (CC)     Integrated Law Course library Integrated Law Course library 2025-10-01 Motilal Banarasidass 350.00 3563 dt. 01-10-2025   R66 R2 IL1864742 2025-10-21 2025-10-21 Textbook
Copyright @ Delhi University Library System